Library information retrieval

Contents of material: Principle of information retrieval. Staff training and development. Staff recruitment and training. Information technology. Information systems in India. Information retrieval services. Evaluation and procurement in information retrieval.

Na minha lista:
Detalhes bibliográficos
Formato: Livro
Idioma:Undetermined
Publicado em: Darya Ganj, New Delhi Anmol Publications 2000
Assuntos:
Tags: Adicionar Tag
Sem tags, seja o primeiro a adicionar uma tag!
Thư viện lưu trữ: Trung tâm Học liệu Trường Đại học Cần Thơ
LEADER 00831nam a2200205Ia 4500
001 CTU_124871
008 210402s9999 xx 000 0 und d
020 |c 109.00 
082 |a 025.020285 
082 |b L697 
245 0 |a Library information retrieval 
245 0 |c Edited by S. K. Pandey 
260 |a Darya Ganj, New Delhi 
260 |b Anmol Publications 
260 |c 2000 
520 |a Contents of material: Principle of information retrieval. Staff training and development. Staff recruitment and training. Information technology. Information systems in India. Information retrieval services. Evaluation and procurement in information retrieval. 
650 |a Library science,Information retrieval and storage 
650 |x Data processing 
904 |i Minh 
980 |a Trung tâm Học liệu Trường Đại học Cần Thơ